[Event "ROM-ch U12"]
[White "Ionescu, Mario Valentin"]
[Black "Clenciu, Daniel Marian"]
[Site "Calimanesti"]
[Round "8"]
[Result "0-1"]
[Date "2015.04.05"]
[WhiteElo "1001"]
[BlackElo "1070"]
[PlyCount "58"]
[EventDate "2015.03.30"]
[EventType "swiss"]
[EventRounds "9"]
[EventCountry "ROU"]
[SourceTitle "CBM 165 Extra"]
[Source "ChessBase"]
[SourceDate "2015.04.21"]
[SourceVersion "1"]
[SourceVersionDate "2015.04.21"]
[SourceQuality "1"]

1. e4 e5 2. Bc4 Bc5 3. Qf3 Nf6 4. Nc3 Nc6 5. g3 Nd4 6. Qg2 Nxc2+ 7. Kd1 Nxa1 8. Qf3 d6 9. Qg2 Bg4+ 10. Nge2 a6 11. f3 Bh5 12. g4 Bg6 13. Ng3 b5 14. Bd3 d5 15. exd5 Bxd3 16. Nh5 Nxd5 17. Nxg7+ Kf8 18. f4 Nxc3+ 19. dxc3 Kxg7 20. fxe5 Be4+ 21. Qd2 Qxd2+ 22. Bxd2 Bxh1 23. b3 Rad8 24. Kc1 Rd7 25. c4 Rhd8 26. e6 Rxd2 27. exf7 b4 28. a4 Rd1+ 29. Kb2 R8d2# 0-1

[Event "ROM-ch U12"]
[White "Ionescu, Mario Valentin"]
[Black "Tablan, Matei Christian"]
[Site "Calimanesti"]
[Round "1"]
[Result "0-1"]
[Date "2015.03.30"]
[WhiteElo "1001"]
[BlackElo "1514"]
[PlyCount "46"]
[EventDate "2015.03.30"]
[EventType "swiss"]
[EventRounds "9"]
[EventCountry "ROU"]
[SourceTitle "CBM 165 Extra"]
[Source "ChessBase"]
[SourceDate "2015.04.21"]
[SourceVersion "1"]
[SourceVersionDate "2015.04.21"]
[SourceQuality "1"]

1. e4 e6 2. Nf3 d5 3. d3 dxe4 4. dxe4 Qxd1+ 5. Kxd1 Nc6 6. Be3 Nf6 7. Nbd2 Ng4 8. Nb1 Nxe3+ 9. Ke1 Nxc2+ 10. Kd1 Nxa1 11. Nc3 Bb4 12. Nb5 Ba5 13. Nd2 a6 14. Nc4 axb5 15. Nxa5 Rxa5 16. b3 Rxa2 17. Bxb5 0-0 18. b4 Rd8+ 19. Ke1 Nxb4 20. f3 Rdd2 21. Rf1 Bd7 22. Bc4 Rac2 23. Bb3 Nd3# 0-1

[Event "ROM-ch U10"]
[White "Ionescu, Mario Valentin"]
[Black "Ionescu, Luca"]
[Site "Calimanesti"]
[Round "6"]
[Result "0-1"]
[Date "2014.04.10"]
[WhiteElo "1001"]
[BlackElo "1001"]
[PlyCount "43"]
[EventDate "2014.04.06"]
[EventType "swiss"]
[EventRounds "9"]
[EventCountry "ROU"]
[SourceTitle "CBM 160 Extra"]
[Source "ChessBase"]
[SourceDate "2014.07.01"]
[SourceVersion "1"]
[SourceVersionDate "2014.07.01"]
[SourceQuality "1"]

1. e4 e5 2. Qf3 Nf6 3. Qe2 Nc6 4. g3 Nd4 5. Nf3 Nxe2 6. Bxe2 Nxe4 7. Nxe5 Bd6 8. Bf3 f5 9. d3 Nf6 10. Bf4 Kf8 11. Bd1 c6 12. d4 Qb6 13. Bd2 Qxd4 14. Bc3 Qd5 15. Bf3 Qe6 16. a3 Bxe5 17. Bb4+ Ke8 18. Be2 Bc7 19. b3 Kf7 20. 0-0 Re8 21. Nc3 Nd5 22. Nxd5 0-1